[Event "FRA-chT2 West 0607"]
[Site "France"]
[Date "2006.12.10"]
[Round "4.1"]
[White "Vincent, Damien"]
[Black "Monroy, Charles"]
[Result "1-0"]
[WhiteElo "2229"]
[BlackElo "2394"]
[PlyCount "91"]
[EventDate "2006.10.15"]
[EventType "team"]
[EventRounds "11"]
[EventCountry "FRA"]
[SourceTitle "EXT 2008"]
[Source "ChessBase"]
[SourceDate "2007.11.25"]
[SourceVersion "1"]
[SourceVersionDate "2007.11.25"]
[SourceQuality "1"]
[WhiteTeam "Guingamp II"]
[BlackTeam "Rennes Paul Bert"]
[WhiteTeamCountry "FRA"]
[BlackTeamCountry "FRA"]

1. e4 c5 2. Nf3 d6 3. c3 Nf6 4. h3 g6 5. Bd3 Bg7 6. 0-0 0-0 7. Bc2 Nc6 8. d4 cxd4 9. cxd4 d5 10. e5 Ne4 11. Nc3 Bf5 12. Ne2 f6 13. exf6 Bxf6 14. Nf4 Kh8 15. Bb3 e6 16. g4 g5 17. gxf5 gxf4 18. fxe6 Qd6 19. Kh2 Bg7 20. Qd3 a6 21. Bd2 Rae8 22. Rae1 Rxe6 23. Bc3 Rf5 24. Rg1 Rh5 25. Rg2 Reh6 26. Kg1 Rxh3 27. Kf1 Rg6 28. Rxe4 dxe4 29. Qxe4 Ne7 30. Qxb7 Bf6 31. Rxg6 hxg6 32. Bb4 Qc6 33. Qb8+ Nc8 34. d5 Qc1+ 35. Ke2 Kg7 36. Qb7+ Kh8 37. Qf7 Qxb2+ 38. Bd2 Nd6 39. Qxf6+ Kh7 40. Qxd6 Rh5 41. Qc7+ Qg7 42. Qxf4 Rf5 43. Ng5+ Kg8 44. d6+ Kf8 45. Ne6+ Ke8 46. d7+ 1-0

[Event "FRA-chT2 West 0607"]
[Site "France"]
[Date "2006.11.25"]
[Round "2.1"]
[White "Vincent, Damien"]
[Black "Jessel, Stephen"]
[Result "0-1"]
[WhiteElo "2229"]
[BlackElo "2350"]
[PlyCount "60"]
[EventDate "2006.10.15"]
[EventType "team"]
[EventRounds "11"]
[EventCountry "FRA"]
[SourceTitle "EXT 2008"]
[Source "ChessBase"]
[SourceDate "2007.11.25"]
[SourceVersion "1"]
[SourceVersionDate "2007.11.25"]
[SourceQuality "1"]
[WhiteTeam "Guingamp II"]
[BlackTeam "Le Vesinet"]
[WhiteTeamCountry "FRA"]
[BlackTeamCountry "FRA"]

1. e4 e6 2. d3 c5 3. Nd2 Nc6 4. g3 g6 5. Bg2 Bg7 6. Ngf3 Nge7 7. 0-0 0-0 8. c3 h6 9. Re1 d5 10. h4 b6 11. Nf1 a5 12. e5 a4 13. Bf4 a3 14. b3 Ra7 15. N1h2 Nf5 16. Qd2 Kh7 17. Ng4 d4 18. c4 Nb4 19. Kh2 Bb7 20. Rh1 Qa8 21. Qe2 Bc6 22. Nf6+ Bxf6 23. exf6 e5 24. Bxe5 Re8 25. g4 Bxf3 26. Bxf3 Rxe5 27. Qxe5 Qxf3 28. gxf5 Qxf2+ 29. Kh3 Nxd3 30. Qe4 Nf4+ 0-1

[Event "FRA-chT3 Gr5 "]
[Site "Bretagne"]
[Date "2006.??.??"]
[Round "8.1"]
[White "Le Montagner, Yoann"]
[Black "Vincent, Damien"]
[Result "0-1"]
[WhiteElo "1989"]
[BlackElo "2223"]
[PlyCount "140"]
[EventDate "2006.??.??"]
[EventType "team"]
[EventRounds "9"]
[EventCountry "FRA"]
[SourceTitle "EXT 2007"]
[Source "ChessBase"]
[SourceDate "2006.11.23"]
[SourceVersion "1"]
[SourceVersionDate "2006.11.23"]
[SourceQuality "1"]
[WhiteTeam "Rennes Paul Bert II"]
[BlackTeam "Guingamp II"]
[WhiteTeamCountry "FRA"]
[BlackTeamCountry "FRA"]

1. e4 c5 2. Nf3 d6 3. d4 cxd4 4. Nxd4 Nf6 5. Nc3 Nc6 6. Be2 e5 7. Nb3 Be6 8. 0-0 Be7 9. Kh1 d5 10. exd5 Nxd5 11. Qe1 Ndb4 12. Bd1 0-0 13. f4 Bc4 14. Rf3 exf4 15. Bxf4 Bf6 16. Nd2 Re8 17. Re3 Bxc3 18. bxc3 Nd5 19. Nxc4 Nxf4 20. Bf3 Rxe3 21. Qxe3 Qc7 22. Re1 Ng6 23. Qe4 Rd8 24. Ne3 Nge5 25. Ng4 Ng6 26. Nf2 Qe5 27. Qxe5 Ngxe5 28. Be4 b6 29. Nd3 f6 30. Kg1 Kf7 31. Nb4 Nxb4 32. cxb4 Rd2 33. Kf1 g6 34. h3 Ke6 35. Re2 Rd1+ 36. Kf2 f5 37. Bd3 Kd5 38. Bb5 Kd4 39. c3+ Kd5 40. Ba4 Rc1 41. Bb3+ Kd6 42. Rd2+ Ke7 43. Rc2 Nd3+ 44. Ke2 Nf4+ 45. Kf3 Rxc2 46. Bxc2 Nd5 47. a3 Nxc3 48. g4 Kf6 49. h4 fxg4+ 50. Kxg4 Nb5 51. a4 Nd4 52. Be4 h5+ 53. Kf4 Nf5 54. a5 bxa5 55. bxa5 Nxh4 56. Bd5 Nf5 57. Ke4 g5 58. Bc6 g4 59. Kf4 Nd4 60. Be8 Ne6+ 61. Kg3 Kg5 62. Bd7 Nd4 63. Bc8 h4+ 64. Kg2 Kf4 65. Bb7 h3+ 66. Kh1 Kg3 67. a6 Ne2 68. Bc6 Nf4 69. Be4 h2 70. Bg2 Nd3 0-1

[Event "Torre Blanca Copa de Campeones"]
[Site "Buenos Aires"]
[Date "2001.11.08"]
[Round "2"]
[White "Vincent, Damien"]
[Black "Lopez, Sergio"]
[Result "1/2-1/2"]
[WhiteElo "1732"]
[BlackElo "2016"]
[PlyCount "93"]
[EventDate "2001.11.05"]
[EventType "swiss"]
[EventRounds "7"]
[EventCountry "ARG"]
[SourceTitle "EXT 2003"]
[Source "ChessBase"]
[SourceDate "2002.11.25"]
[SourceVersion "1"]
[SourceVersionDate "2002.11.25"]
[SourceQuality "1"]

1. d4 d5 2. c4 e6 3. Nc3 Nf6 4. Bg5 Be7 5. e3 0-0 6. Bd3 dxc4 7. Bxc4 c5 8. Nf3 Nc6 9. dxc5 Qa5 10. 0-0 Qxc5 11. Qe2 h6 12. Bxf6 gxf6 13. Rad1 Na5 14. b3 Nxc4 15. Qxc4 Qxc4 16. bxc4 Rd8 17. Rxd8+ Bxd8 18. Rd1 Be7 19. h3 Kf8 20. Nb5 e5 21. e4 Be6 22. Nc7 Rd8 23. Rxd8+ Bxd8 24. Nxe6+ fxe6 25. Nd2 Ke8 26. f3 Kd7 27. Nb3 Kc6 28. a4 a6 29. Kf2 b5 30. axb5+ axb5 31. cxb5+ Kxb5 32. Ke3 Kc4 33. Nd2+ Kc3 34. Nf1 Bb6+ 35. Ke2 Bc5 36. Ng3 Be7 37. Nh5 f5 38. exf5 exf5 39. Ng7 f4 40. Nf5 Bf8 41. g4 fxg3 42. Nxg3 Kd4 43. Ne4 Be7 44. Ng3 Bg5 45. Ne4 Bf4 46. Nf6 Bg5 47. Ne4 1/2-1/2

[Event "FRA-ch qual"]
[Site "Bescanon"]
[Date "1999.08.18"]
[Round "1"]
[White "Jossien, Arnaud"]
[Black "Vincent, Damien"]
[Result "1-0"]
[WhiteElo "2314"]
[BlackElo "2171"]
[PlyCount "97"]
[EventDate "1999.08.18"]
[EventType "swiss"]
[EventRounds "11"]
[EventCountry "FRA"]
[SourceTitle "EXT 2000"]
[Source "ChessBase"]
[SourceDate "1999.11.16"]
[SourceVersion "1"]
[SourceVersionDate "1999.11.16"]
[SourceQuality "1"]

1. e4 c5 2. Nf3 d6 3. c3 Nf6 4. Be2 g6 5. 0-0 Nbd7 6. d3 Bg7 7. Nbd2 0-0 8. a3 a6 9. Re1 b5 10. b4 Bb7 11. Nb3 Rc8 12. Bd2 Nb6 13. Na5 Ba8 14. Qb3 c4 15. dxc4 Nxe4 16. Rac1 Nxd2 17. Nxd2 bxc4 18. Ndxc4 Bd5 19. Nxb6 Bxb3 20. Nxc8 Bd5 21. Bxa6 e6 22. c4 Ba8 23. Rcd1 Qg5 24. g3 Bb2 25. Rd3 Rd8 26. Nb6 Qf5 27. c5 Be4 28. Rde3 Bd4 29. Bb7 Bxb7 30. Nxb7 dxc5 31. Nxd8 cxb4 32. Nc6 Qc5 33. Nxd4 Qxd4 34. axb4 Qxb6 35. Rb1 Qb5 36. Rc3 Kf8 37. Rc5 Qd3 38. Ra1 Qd4 39. Ra8+ Kg7 40. Rb8 h5 41. h4 e5 42. Rb7 Qd1+ 43. Kg2 e4 44. Rcc7 Qf3+ 45. Kg1 Qd1+ 46. Kh2 Qd5 47. Rxf7+ Qxf7 48. Rxf7+ Kxf7 49. g4 1-0

[Event "Besancon"]
[Site "Besancon"]
[Date "1998.??.??"]
[Round "8"]
[White "Vincent, Damien"]
[Black "Roser, Kevin"]
[Result "1/2-1/2"]
[WhiteElo "2120"]
[BlackElo "2255"]
[PlyCount "63"]
[EventDate "1998.07.??"]
[EventType "tourn"]
[EventRounds "9"]
[EventCountry "FRA"]
[EventCategory "4"]
[SourceTitle "EXT 1999"]
[Source "ChessBase"]
[SourceDate "1998.11.16"]
[SourceVersion "1"]
[SourceVersionDate "1998.11.16"]
[SourceQuality "1"]

1. e4 c5 2. Nf3 Nc6 3. Bb5 g6 4. 0-0 Bg7 5. Bxc6 bxc6 6. d3 Nf6 7. Nbd2 0-0 8. Re1 d6 9. h3 e5 10. Nc4 h6 11. c3 Be6 12. Qe2 Ne8 13. b3 f5 14. Bb2 Kh7 15. Rad1 Nf6 16. exf5 gxf5 17. Ncxe5 dxe5 18. Qxe5 Re8 19. Qxc5 Nd5 20. Qxc6 Rc8 21. Qa6 Nf4 22. Qxa7 Rc7 23. Qa5 Ree7 24. Qa4 Nxd3 25. Qh4 Rcd7 26. Ng5+ Kg8 27. Nxe6 Qb6 28. Rxd3 Rxe6 29. Rxe6 Qxe6 30. Rxd7 Qe1+ 31. Kh2 Be5+ 32. g3 1/2-1/2